000 00946nam a2200277Ia 4500
003 OSt
005 20220926020220.0
006 a|||||r|||| 00| 0
007 ta
008 220923b |||||||| |||| 00| 0 eng d
020 _a0415336503
_c6516.00
037 _b436, 22/07/2006, Bright Book Service
_cGeneral Book
040 _aRTL
_cRTL
_beng
041 _2eng
_aeng
082 _aY:677(G:6), P6
100 _aSmith John
_911980
245 0 _aQualitative complexity
_b Ecology, cognitive of procee and the re-emergence of structures in post-humanist social theory.
260 _aNew York
_bRoutledge
_c2006
300 _avi, 302p
_ccm.
500 _aBibliography : P 286-90
650 _a Social Development
_9230960
650 _aSociology
700 _a Jenks Chris
_9147355
942 _hY:677(G:6), P6
_cGB
_2CC
999 _c633640
_d633640